000 00541nam a22001695i 4500
001 68541
003 ES-MaACL
005 20230906170314.0
007 t|
008 960808s1885 it ||||1| ita d
040 _aCAM
_bspa
_cCAM
100 1 _aGarofalo, Raffaele.
_955622
245 1 0 _aCriminologia
_b: studio sul delitto, sulle sue cause e sui mezzi di repressione /
_cper R. Garofalo.
260 _aRoma ... :
_bFratelli Bocca,
_c1885 (
_eTorino :
_fCamilla e Bertolero)
300 _aXVI, 495 p. ;
_c25 cm.
852 _aES-MaACL
_jD-540
999 _c68541
_d68541